000 00296nam a22001217a 4500
008 170608b xxu||||| |||| 00| 0 eng d
041 _aeng
080 _210
_a32
100 _a18
101 _ashp
245 _aPOWER CHOICE AN INTRODUCTIOM POLITICAL SCIENCE
_cSHIVELY.W.P
942 _2udc
_cBK
999 _c16350
_d16350